Born Free Song Lyrics - Statistics

General Stats
  • This quiz has been taken 21 times
  • The average score is 41 of 74
Answer Stats
Answer % Correct
a
100%
Born
100%
Born
100%
Born
100%
born
100%
free
100%
free
100%
free
100%
free
100%
free
100%
free
100%
free
100%
free
100%
free
100%
free
100%
as
90%
as
90%
As
90%
as
90%
as
90%
the
90%
the
90%
The
90%
the
90%
wind
86%
blows
76%
and
71%
and
71%
you
71%
you
71%
you
71%
you
71%
to
67%
to
67%
your
67%
grass
62%
grows
62%
is
62%
no
48%
no
48%
So
43%
You're
43%
you're
43%
where
38%
Cause
33%
life
33%
Live
33%
But
24%
follow
24%
Stay
24%
Stay
24%
at
19%
heart
19%
need
19%
star
19%
beauty
14%
hide
14%
living
14%
living
14%
only
14%
surrounds
14%
there's
14%
time
14%
walls
14%
world
14%
worth
14%
worth
14%
astounds
10%
divide
10%
Each
10%
look
10%
roaring
10%
still
10%
tide
10%
No matching quizzes found
Score Distribution
Percent of People with Each Score
Percentile by Number Answered
Your Score History
You have not taken this quiz